| 000 | 00335nam a2200145 a 4500 | ||
|---|---|---|---|
| 001 | 2036 | ||
| 003 | CDMR | ||
| 005 | 20130116135223.0 | ||
| 008 | 130130s1981||||||||||||||||||||||||||||d | ||
| 040 |
_aCDMR _bcat _cCDMR |
||
| 100 | 1 |
_aGamaleri, Gianpiero _91516 |
|
| 245 | 1 | 3 | _aLa galaxia McLuhan |
| 260 |
_aBarcelona _c1981 _bATE |
||
| 942 | _cMON | ||
| 999 |
_c2036 _d2036 |
||